000 00523nam a2200193Ia 4500
005 20250508162826.0
008 008 250505s9999 xx 000 0 hin d
037 _aTextual
040 _aFEDL
_beng
_cFEDL
041 _ahin
_2hin
084 _a574.07, GAR
_qFEDL
100 _aGarg M L
245 0 _aJeev - vigyan - shikshan
260 _aBhopal, India
_bMadhya Pardesh Hindi Granth Academy
_c1973
300 _a215p
365 _aINR
_b10
942 _cTEXL
_h574.07, GAR
999 _c1378908
_d1378908